London Borough Quiz - Statistics

General Stats
  • This quiz has been taken 44 times
  • The average score is 18 of 32
Answer Stats
Question Answer % Correct
What Borough Has Canada Water and London Bridge in it? Southwark
88%
What Borough has Heathrow Airport in it? Hillingdon
85%
What Borough has Notting Hill In it? Kensington and Chelsea
85%
What Borough has Acton in it? Ealing
73%
What Borough has Woolwich in it? Greenwich
73%
What Borough has Wembley Stadium in it? Brent
69%
What Borough in the north and the east, Touches Essex and in the south touches the River Thames Havering
69%
What Borough has Angel In It? Islington
69%
What Borough has Erith in it? Bexley
65%
What Borough does Sydenham in it? Lewisham
65%
What Borough is named after something demolished in the 1920s? Redbridge
65%
What Borough has Canary Wharf in it? Tower Hamlets
65%
What Borough has a Royal Air Force base in It? Bromley
62%
What Borough has Wimbledon, Mitcham and Mordern in it? Merton
62%
What Borough has Tottenham in it? Harringey
58%
What Borough has Twickenham in it? Richmond Upon Thames
58%
What Borough has the Strand Underpass? Westminster
58%
What Borough has Dalston in it? Hackney
54%
What Borough has Chingford in it? Waltham Forest
54%
What Borough has Kings Cross Railway Station? Camden
50%
What Borough has Carshalton in it? Sutton
50%
What Borough has Becontree in it? Barking and Dagenham
46%
What Borough has Hendon in it? Barnet
46%
What Borough has West Brompton in it? Hammersmith and Fulham
46%
What Borough was the only on which was not merged or split in 1965? City
42%
What Borough has Southgate in it? Enfield
42%
What Borough Is London City Airport In? Newham
42%
What Borough has Earlsfield in it? Wandsworth
42%
What Borough does Waterloo Station Lie In? Lambeth
38%
What Borough has Coulsdon in it? Croydon
35%
What Borough is the only one which does not have a London Underground Station in it? Kingston Upon Thames
35%
What Borough has Stanmore in it? Harrow
27%
No matching quizzes found
Score Distribution
Percent of People with Each Score
Percentile by Number Answered
Your Score History
You have not taken this quiz